• 首页
  • 本馆介绍
  • 公告通知
  • 最新文献
  • 馆藏检索
  • 电子资源
  • 读者导购
  • 参考咨询
  • 我的图书馆
  • 登录
  • 详细信息显示
  • 放入我的书架
  • 预约/预借图书
  • 作者相关作品
  • 分类相关作品
  • 丛书相关作品
  • 出版社相关作品

书目信息

  • 表格格式
  • 工作单格式
  • 卡片格式
题名:
国宝之谜
    
 
作者: 一抹微澜 编著
分册:   综合篇
出版信息: 北京   中国盲文出版社  2012.6
页数:
开本: 32cm
丛书名: 世界未解之谜系列
单 册:
中图分类: K87-49 , K87
科图分类:
主题词: 文物--中国--通俗读物--盲文
电子资源:
ISBN: 978-7-5002-3617-7
000 00999oam2 22002651 450
001 1538286342
005 20150202103841.07
010    @a978-7-5002-3617-7@dCNY13.00
100    @a20120326d2012 em y0chiy0110 ea
101 0  @a盲文
102    @aCN@b110000
105    @ay z 000yy
200 1  @a国宝之谜@9guo bao zhi mi@i综合篇@f一抹微澜编著
210    @a北京@c中国盲文出版社@d2012.6
215    @d32cm
225  2 @a世界未解之谜系列
330    @a本书选自于《国宝之谜》的综合篇篇。书中列举了有: “北京人”头盖骨下落之谜、“昭陵六骏”石雕之谜、敦煌藏经洞之谜、泰山无字碑之谜、佛舍利五重宝塔之谜、石鼓之谜、故宫之谜、圆明园十二生肖铜像之谜。这些宝物以及建筑都无与伦比的珍贵凝固了一段岁月中回味悠长的传奇往事, 并且不乏包含大量的知识。
461  0 @12001 @a世界未解之谜系列
517 1  @a综合篇@Azong he pian
606 0  @a文物@y中国@x通俗读物@x盲文
690    @aK87-49@v5
690    @aK87@v4
701  0 @a一抹微澜@9yi mo wei lan@4编著
801  0 @aCN@bTSSF@c20150115
905    @aZUCC@dK87@eJY2
    
    国宝之谜.综合篇/一抹微澜编著.-北京:中国盲文出版社,2012.6
    32cm.-(世界未解之谜系列)
    
    
    ISBN 978-7-5002-3617-7:CNY13.00
    本书选自于《国宝之谜》的综合篇篇。书中列举了有: “北京人”头盖骨下落之谜、“昭陵六骏”石雕之谜、敦煌藏经洞之谜、泰山无字碑之谜、佛舍利五重宝塔之谜、石鼓之谜、故宫之谜、圆明园十二生肖铜像之谜。这些宝物以及建筑都无与伦比的珍贵凝固了一段岁月中回味悠长的传奇往事, 并且不乏包含大量的知识。
●
相关链接 在E读中查询图书 在五车中查询图书 在当当中查询图书 在豆瓣中查询图书


正题名:国宝之谜     索取号:K87/JY2         预约/预借

序号 登录号 条形码 馆藏地/架位号 状态 备注
1 7864834   278648340   学院路分馆/ [索取号:K87/JY2] 在馆    
唐山师范学院图书馆 欢迎您!
大连网信软件有限公司© 版权所有